| 000 | 01558nam a22002297a 4500 | ||
|---|---|---|---|
| 999 |
_c60458 _d60458 |
||
| 003 | Ge_BSU | ||
| 005 | 20230724122453.0 | ||
| 008 | 230724s2022ge xxu||||| |||| 00| 0 geo d | ||
| 020 | _a9789941844379 | ||
| 041 | _ageo | ||
| 080 | _a821.112.2.03-353.1ი-93 | ||
| 100 |
_aიუნგერი, ერნსტ, 1895-1998, ავტორი. _919498 |
||
| 245 |
_aფოლადის მეხთატეხაში: _b[რომანი] / _cერნსტ იუნგერი ; გერმანულიდან თარგმნა მაია გოგოლაძემ ; რედაქტორი და გამომცემელი დათო ბარბაქაძე. |
||
| 300 |
_a372 გვ. ; _b20.5 სმ. |
||
| 500 | _aყდაზე: ვილჰელმ კოლჰოფი, ელემენტარული ძალა (1917). დაიბეჭდა ტიპოსკრიატის უფლებით. გამოცემა ფინანსურად უზრუნველყოფილია ნაწილობრივ მთარგმნელის, ნაწილობრივ - Gitte Walthers-ის მიერ. | ||
| 653 | _aფოლადის მეხთატეხაში | ||
| 653 | _aრომანი | ||
| 700 |
_aგოგოლაძე, მაია _eმთარგმნელი _911183 |
||
| 700 |
_aბარბაქაძე, დათო _eრედაქტორი _919499 |
||
| 773 | _tნაჩუქარი | ||
| 942 |
_2udc _cBK |
||